Multimedia over cognitive radio networks : (Record no. 19558)

MARC details
000 -LEADER
fixed length control field 01028cam a22002895a 4500
001 - CONTROL NUMBER
control field 016964722
003 - CONTROL NUMBER IDENTIFIER
control field OSt
005 - DATE AND TIME OF LATEST TRANSACTION
control field 20150622141727.0
008 - FIXED-LENGTH DATA ELEMENTS--GENERAL INFORMATION
fixed length control field 141125t2015 flua frb 001 0 eng d
020 ## - INTERNATIONAL STANDARD BOOK NUMBER
International Standard Book Number 9781482214857 (hbk.)
020 ## - INTERNATIONAL STANDARD BOOK NUMBER
Cancelled/invalid ISBN 9781482214871 (PDF ebook)
040 ## - CATALOGING SOURCE
Original cataloging agency StDuBDS
Language of cataloging eng
Transcribing agency StDuBDS
Modifying agency EG-ScBUE
082 04 - DEWEY DECIMAL CLASSIFICATION NUMBER
Classification number 621.3821
Edition number 22
Item number MUL
245 00 - TITLE STATEMENT
Title Multimedia over cognitive radio networks :
Remainder of title algorithms, protocols, and experiments /
Statement of responsibility, etc edited by Fei Hu and Sunil Kumar.
260 ## - PUBLICATION, DISTRIBUTION, ETC. (IMPRINT)
Place of publication, distribution, etc Boca Raton :
Name of publisher, distributor, etc CRC Press / Taylor & Francis,
Date of publication, distribution, etc c.2015.
300 ## - PHYSICAL DESCRIPTION
Extent xx, 472 p. :
Other physical details ill. (black and white) ;
Dimensions 26 cm.
500 ## - GENERAL NOTE
General note Index : p. 459-472.
504 ## - BIBLIOGRAPHY, ETC. NOTE
Bibliography, etc Includes bibliographical references.
650 #7 - SUBJECT ADDED ENTRY--TOPICAL TERM
Topical term or geographic name as entry element Cognitive radio networks.
Source of heading or term BUEsh
9 (RLIN) 37226
650 #7 - SUBJECT ADDED ENTRY--TOPICAL TERM
Topical term or geographic name as entry element Multimedia communications.
Source of heading or term BUEsh
9 (RLIN) 37797
651 ## - SUBJECT ADDED ENTRY--GEOGRAPHIC NAME
Source of heading or term BUEsh
653 ## - INDEX TERM--UNCONTROLLED
Resource For college Engineering, General
-- Informatics and Computer Science
Arrived date list June2015
655 ## - INDEX TERM--GENRE/FORM
Form subdivision
-- 34232
700 1# - ADDED ENTRY--PERSONAL NAME
Personal name Kumar, Sunil,
Relator term editor.
700 1# - ADDED ENTRY--PERSONAL NAME
Personal name Hu, Fei,
Dates associated with a name 1972-,
Relator term editor.
9 (RLIN) 38187
942 ## - ADDED ENTRY ELEMENTS (KOHA)
Source of classification or shelving scheme Dewey Decimal Classification
Call number prefix 621.3821 MUL
Holdings
Withdrawn status Lost status Source of classification or shelving scheme Damaged status Not for loan Koha collection Home library Current library Shelving location Date acquired Source of acquisition Total Checkouts Full call number Barcode Date last seen Koha item type
    Dewey Decimal Classification     Baccah Central Library Central Library First floor 10/06/2015     621.3821 MUL 000038477 15/07/2025 Book - Borrowing